000
00267 a2200133 4500
001
47373
040
_c
Anchieta - Aquarius
240
1
0
_a
Tem hífen?
_l
por
245
1
0
_a
Tem hífen?
300
_a
96 p.
362
0
_a
2008
650
4
_a
Língua portuguesa
942
_c
BK
999
_c
47373
_d
47373